Detalles MARC
| 000 -LÍDER |
| Campo fijo de descripción fija |
02261nam a2200349 i 4500 |
| 001 - NÚMERO DE CONTROL |
| Campo de control |
768714001 |
| 003 - IDENTIFICADOR DEL NÚMERO DE CONTROL |
| Campo de control |
CO-MdFUSB |
| 005 - FECHA Y HORA DE LA ULTIMA TRANSACCIÓN |
| control field |
20260430091119.0 |
| 007 - CAMPO FIJO DE DESCRIPCIÓN FIJA--INFORMACIÓN GENERAL |
| Campo fijo de descripción fija |
ta |
| 008 - ELEMENTOS DE LONGITUD FIJA -- INFORMACIÓN GENERAL |
| Campo fijo de descripción fija -- Información general |
240731t2023 ck oc||| |||| 00| 0 spa d |
| 020 ## - NÚMERO INTERNACIONAL NORMALIZADO PARA LIBROS |
| Número Internacional Normalizado del libro |
9786280104294 |
| 040 ## - FUENTE DE CATALOGACIÓN |
| Agencia de catalogación original |
CO-MdFUSB |
| Idioma de catalogación |
spa |
| Agencia que realiza la transcripción |
CO-MdFUSB |
| Agencia que realiza la modificación |
CO-MdFUSBC |
| Convenciones de la descripción |
rda |
| 041 ## - CÓDIGO DE IDIOMA |
| Código de idioma para texto/pista de sonido o título separado |
spa |
| 082 ## - NÚMERO DE CLASIFICACIÓN DECIMAL DEWEY |
| Número de la edición del Dewey |
23 |
| Número de clasificación |
270.092 |
| Clave de autor-Numero de item |
R436 |
| 100 ## - ASIENTO PRINCIPAL--NOMBRE PERSONAL |
| Nombre personal |
Restán, Cristian, |
| Término relacionador |
autor |
| 245 ## - TÍTULO |
| Título del Material |
Legado, vida y ministerio de Ubaldo Restán |
| Mención de responsabilidad, etc. |
/ Cristian Restán |
| 250 ## - MENCIÓN DE EDICIÓN |
| Mención de edición |
Primera edición. |
| 264 #1 - PRODUCCIÓN, PUBLICACIÓN, DISTRIBUCIÓN, MANUFACTURA, Y COPYRIGHT |
| Lugar de producción, publicación, distribución, manufactura |
Medellín, Colombia : |
| Nombre del productor, publicador, distribuidor |
FCNG, |
| Fecha de producción, publicación, distribución, manufactura, o copyright |
[2023] |
| 264 #4 - PRODUCCIÓN, PUBLICACIÓN, DISTRIBUCIÓN, MANUFACTURA, Y COPYRIGHT |
| Fecha de producción, publicación, distribución, manufactura, o copyright |
©2023 |
| 300 ## - DESCRIPCIÓN FÍSICA |
| Extensión |
251 páginas |
| Dimensiones |
; 24 cm |
| 336 ## - TIPO DE CONTENIDO |
| Fuente |
rdacontent |
| Término de tipo de contenido |
texto |
| Código de tipo de contenido |
txt |
| 337 ## - TIPO DE MEDIO |
| Fuente |
rdamedia |
| Nombre del tipo de medio |
sin mediación |
| Código del tipo de medio |
n |
| 338 ## - TIPO DE SOPORTE |
| Fuente |
rdacarrier |
| Nombre del tipo de soporte |
volumen |
| Código Tipo de soporte |
nc |
| 520 ## - NOTA DE RESUMEN, ETC. |
| Nota de sumario, etc. |
En alguno de esos pueblitos olvidados de Colombia, un joven lucha contra el mundo en el que ha crecido. Su vida está marcada por el abandono y la pobreza; acechado por las drogas y por la vergüenza de un trabajo que lo hace sentir inferior. Sin embargo, una profecía de parte de Dios está por cambiarlo todo.<br/>Esta es la historia de Ubaldo Restán, quien fue hijo, esposo, padre, amigo y abuelo amado. A través de las líneas de estos relatos, descubrirás su valioso legado de confianza en Dios, de oración y amor por aquellos que desean y necesitan ser capacitados en la obra del Señor. Su experiencia ministerial de más de treinta años como maestro, pastor, director de la Corporación Instituto para la Educación Pastoral (CIPEP), y fundador de los Ministerios Nueva Generación, te inspirará para llevar tu vida a una relación más cercana con Dios.<br/>Muy posiblemente, cuando llegues al final de este libro, y descubras la maravillosa forma en que se cumplió esa palabra profética, y comprendas todo lo que Dios puede llegar a hacer con un corazón dispuesto, tú, al igual que Ubaldo, también puedas decir: ¡Cuán grande es la fidelidad de Dios, quien llama las cosas que no son como si fueran, y hace posible lo que para el hombre es imposible! |
| 563 ## - NOTA DE ENCUADERNACIÓN |
| Nota de encuadernación |
Rústico |
| 650 #0 - ASIENTO SECUNDARIO DE MATERIA - TERMINO TEMÁTICO |
| Término temático o nombre geográfico como elemento de entrada |
Biografías cristianas |
| 9 (RLIN) |
1238 |
| 653 ## - TÉRMINO DE INDIZACIÓN - NO CONTROLADO |
| Término no controlado |
Cristianos — Biografías |
| 653 ## - TÉRMINO DE INDIZACIÓN - NO CONTROLADO |
| Término no controlado |
Pastores — Colombia — Biografías |
| 653 ## - TÉRMINO DE INDIZACIÓN - NO CONTROLADO |
| Término no controlado |
Vida cristiana |
| 942 ## - TIPO DE MATERIAL (KOHA) |
| Tipo de Item KOHA |
Libros General |
| 945 ## - INFORMACIÓN LOCAL DEL REGISTRO |
| Catalogador |
JTF-925 |